International resources and national policy.

Saved in:
Bibliographic Details
Main Author: Mouzon, Olin T.
Format: Book
Language:English
Published: New York : Harper, [1959].
Subjects:
LEADER 00981nam a2200253 i 4500
001 c000246400
003 CARM
005 00000000000000.0
008 840311s1959 nyu 0 eng d
019 1 |a 1502526  |5 LACONCORD2021 
035 |a (OCoLC)174207  |5 LACONCORD2021 
082 0 4 |a 333 
100 1 |a Mouzon, Olin T. 
245 1 0 |a International resources and national policy. 
260 |a New York :  |b Harper,  |c [1959]. 
300 |a 752 p. :  |b illus. 
500 |a Bibliography: p.713-731. 
650 0 |a Natural resources. 
651 0 |a United States  |x Foreign economic relations. 
852 8 |b CARM  |h A1:AP12D0  |i C09090  |p 0362091  |f BK 
852 8 |b CARM  |h A1:AL27E0  |i C10610  |p 0466656  |f BK 
999 f f |i 1aad23ef-1904-5eff-af51-c7aa99a049ef  |s e8b8b12c-a82c-5be5-8e22-27632eb7835f 
952 f f |p Can circulate  |a CAVAL  |b CAVAL  |c CAVAL  |d CARM 1 Store  |e C09090  |f A1:AP12D0  |h Other scheme  |i book  |m 0362091 
952 f f |p Can circulate  |a CAVAL  |b CAVAL  |c CAVAL  |d CARM 1 Store  |e C10610  |f A1:AL27E0  |h Other scheme  |i book  |m 0466656